| 000 | 00376nam a22001577a 4500 | ||
|---|---|---|---|
| 003 | LC | ||
| 005 | 20170317152620.0 | ||
| 008 | 170317b xxu||||| |||| 00| 0 eng d | ||
| 020 | _a9780199148226 | ||
| 050 | _aQC 21 .P828 2001 | ||
| 100 | _aPople, Stephen | ||
| 245 |
_aPhysics for higher tier _cPople, Stephen |
||
| 250 | _a3rd ed. | ||
| 650 | _aPhysics | ||
| 942 |
_2lcc _cBK |
||
| 999 |
_c323221 _d323221 |
||